000 00623cam a22001814a 4500
005 20250605164335.0
008 250528s ||||||||||||||||||||||||d
035 _a23395
040 _aGR-AtMCL
_bgre
_dGR-AtMCL
_eAACR2
245 1 _aThe Hidden Cost of Cosmetic Surgery/Quality of Life Before and After
260 _c2011
520 _aTitle, Abstract, Table of Contexts, Intro and Literature Review, Methodology, Analysis Chapter, Discussion, Acknowledgements, References, Appendixes.
700 1 _aDr. Ktistaki Georgia
_98959
700 1 _aMitro Rezarta
_98961
942 _cDS
999 _c8418
_d8418